[Event "Coppa d'Oro"]
[Site "Villa Guardia ITA"]
[Date "2005.11.11"]
[Round "6"]
[White "Turcatti, Mauro"]
[Black "Monetti, Egidio"]
[Result "1/2-1/2"]
[WhiteElo "1709"]
[BlackElo "1700"]
[PlyCount "95"]
[EventDate "2005.10.07"]

1. e4 d6 2. d4 Nf6 3. Nc3 g6 4. f4 Bg7 5. e5 dxe5 6. dxe5 Qxd1+ 7. Kxd1 Ng4 8.
Ke1 c6 9. h3 Nh6 10. g4 Nd7 11. Be3 O-O 12. Rh2 Nb6 13. Rd2 Be6 14. Rad1 Nd5
15. Nxd5 Bxd5 16. c4 Be6 17. Nf3 Rfe8 18. Ng5 Nxg4 19. Nxe6 Nxe3 20. Nc7 Nxd1
21. Rxd1 Kf8 22. Nxa8 Rxa8 23. Kf2 Ke8 24. Ke3 Rd8 25. Bd3 c5 26. Rg1 Rd4 27.
b3 Bh6 28. Rf1 Kd7 29. Be4 b6 30. Bd5 e6 31. Be4 a5 32. h4 Ke7 33. Rf2 f6 34.
exf6+ Kxf6 35. Kf3 e5 36. h5 gxh5 37. f5 Rd2 38. Rxd2 Bxd2 39. Kg3 Be1+ 40. Kf3
Kg5 41. Bd3 h6 42. Be4 h4 43. Bd3 Bg3 44. Be4 Bf4 45. Bd3 h3 46. Be4 h2 47. Kg2
Bg3 48. Bc2 1/2-1/2

[Event "Coppa d'Oro"]
[Site "Villa Guardia ITA"]
[Date "2005.11.11"]
[Round "6"]
[White "Zuccoli, Maurizio"]
[Black "Liscio, Giovanni"]
[Result "0-1"]
[WhiteElo "1688"]
[BlackElo "2000"]
[PlyCount "46"]
[EventDate "2005.10.07"]

1. e4 c5 2. Nf3 d6 3. d4 cxd4 4. Nxd4 Nf6 5. Nc3 e6 6. Be2 Be7 7. Be3 a6 8. O-O
b5 9. a3 Bb7 10. f3 Qc7 11. Qd2 Nbd7 12. Rad1 O-O 13. Nb3 Rac8 14. Kh1 Rfd8 15.
Qe1 d5 16. exd5 Bxd5 17. Nd4 Bc4 18. Bxc4 Qxc4 19. Qg3 Bxa3 20. Ne4 Nxe4 21.
fxe4 Bxb2 22. Rf3 Nf8 23. Qf2 e5 0-1

[Event "Coppa d'Oro"]
[Site "Villa Guardia ITA"]
[Date "2005.11.18"]
[Round "7"]
[White "Buonocore, Elio"]
[Black "Zuccoli, Maurizio"]
[Result "1-0"]
[WhiteElo "2156"]
[BlackElo "1688"]
[PlyCount "111"]
[EventDate "2005.10.07"]

1. e4 c5 2. Nf3 d6 3. d4 cxd4 4. Nxd4 Nf6 5. Nc3 a6 6. Be3 e6 7. f3 Qc7 8. Qd2
Be7 9. g4 b5 10. g5 Nh5 11. O-O-O Bb7 12. Bh3 Nd7 13. Kb1 Ne5 14. Bg4 Nxg4 15.
fxg4 b4 16. Nce2 Bxe4 17. gxh5 e5 18. Rhe1 exd4 19. Bxd4 Rc8 20. Rc1 d5 21. Ng3
O-O 22. Nxe4 dxe4 23. Rxe4 Rfd8 24. Qe3 Bc5 25. Bxc5 Qxc5 26. Qxc5 Rxc5 27. h4
a5 28. b3 f5 29. gxf6 gxf6 30. Rf1 Kf7 31. Ref4 Rd6 32. Rf5 Rcd5 33. Kb2 Ke7
34. a3 Kf7 35. R1f4 Rxf5 36. Rxf5 Ke6 37. Rxa5 bxa3+ 38. Kxa3 f5 39. Kb4 f4 40.
c4 f3 41. Ra1 Kd7 42. Rf1 Rf6 43. Kc5 f2 44. b4 Kc7 45. b5 Rf5+ 46. Kd4 Rf4+
47. Kd5 Rxh4 48. Rxf2 Rxh5+ 49. Kd4 Rh4+ 50. Kc5 Rh5+ 51. Kb4 Rh1 52. Rf7+ Kb8
53. c5 h5 54. Ka5 h4 55. Kb6 Kc8 56. c6 1-0

[Event "Coppa d'Oro"]
[Site "Villa Guardia ITA"]
[Date "2005.11.18"]
[Round "7"]
[White "Giaracuni, Claudio"]
[Black "Boffi, Luigi"]
[Result "0-1"]
[WhiteElo "1646"]
[BlackElo "1563"]
[PlyCount "34"]
[EventDate "2005.10.07"]

1. e4 c5 2. Nf3 d6 3. d4 cxd4 4. Nxd4 Nf6 5. Nc3 a6 6. Be2 e6 7. Be3 Be7 8. O-O
Qc7 9. Qd2 O-O 10. Rfd1 b5 11. a3 Bb7 12. Bd3 Nbd7 13. f4 Nc5 14. e5 dxe5 15.
fxe5 Qxe5 16. Bf4 Qxd4+ 17. Be3 Qd8 0-1

[Event "Coppa d'Oro"]
[Site "Villa Guardia ITA"]
[Date "2005.11.18"]
[Round "7"]
[White "Larghi, Riccardo"]
[Black "Schingaro, Angelo"]
[Result "1/2-1/2"]
[WhiteElo "2011"]
[BlackElo "1760"]
[PlyCount "28"]
[EventDate "2005.10.07"]

1. e4 e5 2. Nf3 Nc6 3. Bc4 Bc5 4. c3 Nf6 5. d4 exd4 6. cxd4 Bb4+ 7. Bd2 d5 8.
exd5 Nxd5 9. Qe2+ Be6 10. Bxd5 Bxd2+ 11. Nbxd2 Qxd5 12. O-O O-O 13. Nb3 Bg4 14.
Qe3 Bxf3 1/2-1/2

[Event "Coppa d'Oro"]
[Site "Villa Guardia ITA"]
[Date "2005.11.18"]
[Round "7"]
[White "Liscio, Giovanni"]
[Black "Cairoli, Camillo"]
[Result "1/2-1/2"]
[WhiteElo "2000"]
[BlackElo "1916"]
[PlyCount "103"]
[EventDate "2005.10.07"]

1. d4 d5 2. c4 c6 3. Nc3 Nf6 4. e3 a6 5. Nf3 Nbd7 6. cxd5 cxd5 7. Bd3 e6 8. O-O
Bd6 9. b3 O-O 10. Bb2 Qe7 11. Rc1 Rd8 12. e4 dxe4 13. Nxe4 Nxe4 14. Bxe4 Nf6
15. Bb1 Bd7 16. Qe2 Bb5 17. Bd3 Bxd3 18. Qxd3 Ba3 19. Qe2 Bxb2 20. Qxb2 Rac8
21. h3 h6 22. Rc2 Nd5 23. Rfc1 Rxc2 24. Rxc2 Nb4 25. Rd2 Nc6 26. Ne5 Qd6 27.
Nxc6 Qxc6 28. b4 Rd5 29. Kf1 Qb5+ 30. Ke1 e5 31. f3 Qb6 32. dxe5 Qg1+ 33. Ke2
Qxg2+ 34. Ke3 Rxd2 35. Qxd2 Qxh3 36. Qd8+ Kh7 37. Qe7 Qe6 38. Qxb7 Qxa2 39.
Qe4+ g6 40. f4 Qe6 41. Kf2 h5 42. Ke3 Qh3+ 43. Kd4 h4 44. Kc5 Qc8+ 45. Kb6 h3
46. Qf3 Kg7 47. Qg3 Qb8+ 48. Kxa6 Qa8+ 49. Kb5 Qg2 50. Qh4 h2 51. Qf6+ Kg8 52.
Qd8+ 1/2-1/2

[Event "Coppa d'Oro"]
[Site "Villa Guardia ITA"]
[Date "2005.11.18"]
[Round "7"]
[White "Raineri, Pieroberto"]
[Black "Laricini, Alberto"]
[Result "0-1"]
[WhiteElo "1580"]
[BlackElo "1622"]
[PlyCount "46"]
[EventDate "2005.10.07"]

1. Nf3 d5 2. d4 Nf6 3. c4 e6 4. Nc3 Be7 5. Bg5 O-O 6. e3 Nbd7 7. Rc1 h6 8. Bh4
b6 9. cxd5 Nxd5 10. Bxe7 Nxe7 11. Nb5 c6 12. Nd6 Nf6 13. Nxc8 Rxc8 14. Qa4 Rc7
15. Ne5 b5 16. Qa6 Nd7 17. Nxc6 Nxc6 18. Rxc6 Rxc6 19. Qxc6 Qa5+ 20. Ke2 Nf6
21. Kf3 Qxa2 22. Qxb5 Qb1 23. g3 Qe4+ 0-1

[Event "Coppa d'Oro"]
[Site "Villa Guardia ITA"]
[Date "2005.11.25"]
[Round "8"]
[White "Boffi, Luigi"]
[Black "Buonocore, Elio"]
[Result "0-1"]
[WhiteElo "1563"]
[BlackElo "2156"]
[PlyCount "86"]
[EventDate "2005.10.07"]

1. Nf3 f5 2. d3 Nf6 3. g3 d6 4. Bg2 g6 5. O-O Bg7 6. Re1 O-O 7. e4 e5 8. exf5
gxf5 9. Nbd2 Nc6 10. c3 Kh8 11. Ng5 h6 12. Ngf3 Ne7 13. h3 Ng6 14. Nf1 Bd7 15.
Kh2 Bc6 16. Ne3 Qd7 17. h4 Ng4+ 18. Kg1 Nxe3 19. fxe3 f4 20. h5 fxg3 21. e4 Nf4
22. Bxf4 Rxf4 23. Qe2 Qg4 24. Nd2 Qh4 25. Bf3 Raf8 26. Rf1 Bd7 27. Qg2 Bh3 28.
Qh1 Bxf1 29. Qxh4 Rxh4 30. Rxf1 Rh2 31. Bg2 Rxh5 32. Rxf8+ Bxf8 33. Nf1 Rg5 34.
Ne3 d5 35. Nf5 Bc5+ 36. d4 exd4 37. Nxd4 dxe4 38. Bxe4 Re5 39. Bxb7 Re2 40. Kf1
Rf2+ 41. Ke1 Bxd4 42. cxd4 Rxb2 43. Bd5 g2 0-1

[Event "Coppa d'Oro"]
[Site "Villa Guardia ITA"]
[Date "2005.11.25"]
[Round "8"]
[White "Cairoli, Camillo"]
[Black "Larghi, Riccardo"]
[Result "1-0"]
[WhiteElo "1916"]
[BlackElo "2011"]
[PlyCount "53"]
[EventDate "2005.10.07"]

1. e4 c5 2. Nf3 d6 3. d4 cxd4 4. Nxd4 Nf6 5. Nc3 g6 6. Be3 Bg7 7. f3 O-O 8. Qd2
Nc6 9. O-O-O d5 10. Kb1 Nxd4 11. Bxd4 dxe4 12. fxe4 Be6 13. h3 Rc8 14. Be2 a6
15. Qe3 Qa5 16. a3 b5 17. Rd3 Qc7 18. Rd2 Qc6 19. Rhd1 Rfd8 20. g4 Ne8 21. e5
Nc7 22. Bf3 Nd5 23. Nxd5 Bxd5 24. Bb6 Bxf3 25. Rxd8+ Rxd8 26. Rxd8+ Bf8 27. Qh6
1-0

[Event "Coppa d'Oro"]
[Site "Villa Guardia ITA"]
[Date "2005.11.25"]
[Round "8"]
[White "Laricini, Alberto"]
[Black "Monetti, Egidio"]
[Result "0-1"]
[WhiteElo "1622"]
[BlackElo "1700"]
[PlyCount "62"]
[EventDate "2005.10.07"]

1. d4 e6 2. c4 Nf6 3. Nc3 c6 4. Nf3 d5 5. cxd5 exd5 6. e3 Bf5 7. Bd3 Bxd3 8.
Qxd3 Bb4 9. O-O O-O 10. a3 Bxc3 11. bxc3 Nbd7 12. a4 Nb6 13. Ne5 Re8 14. a5
Nbd7 15. Nf3 Ne4 16. c4 Ndf6 17. c5 a6 18. Bd2 Qc7 19. h3 h5 20. Rfb1 g5 21.
Ne5 g4 22. hxg4 hxg4 23. Qe2 Rxe5 24. dxe5 Qxe5 25. Bb4 Kg7 26. f3 Rh8 27. fxe4
Qh2+ 28. Kf2 Nxe4+ 29. Ke1 Qg1+ 30. Qf1 Qxe3+ 31. Qe2 Rh1# 0-1

[Event "Coppa d'Oro"]
[Site "Villa Guardia ITA"]
[Date "2005.11.25"]
[Round "8"]
[White "Schingaro, Angelo"]
[Black "Liscio, Giovanni"]
[Result "0-1"]
[WhiteElo "1760"]
[BlackElo "2000"]
[PlyCount "82"]
[EventDate "2005.10.07"]

1. e4 c5 2. Nf3 e6 3. d3 Nc6 4. g3 d6 5. Bg2 Nf6 6. O-O g6 7. Nc3 Bg7 8. h3 O-O
9. Be3 a6 10. Rb1 Rb8 11. e5 dxe5 12. Bxc5 Re8 13. Ng5 Qc7 14. Nge4 Rd8 15. Qf3
Nxe4 16. Nxe4 f5 17. Nd2 Nd4 18. Bxd4 exd4 19. Rfc1 b5 20. Qe2 e5 21. c4 dxc3
22. Rxc3 Qd6 23. Rbc1 e4 24. Rc6 Qxd3 25. Qxd3 exd3 26. b3 b4 27. Rc7 Bc3 28.
Nc4 Be6 29. Ne3 Rb6 30. Nd1 d2 31. Rc2 h5 32. Bf3 f4 33. g4 hxg4 34. hxg4 g5
35. Rc5 Rb5 36. Rxb5 axb5 37. Kg2 Kg7 38. Be2 Bf7 39. Rxc3 bxc3 40. Nxc3 b4 41.
Nd1 Ra8 0-1

[Event "Coppa d'Oro"]
[Site "Villa Guardia ITA"]
[Date "2005.11.25"]
[Round "8"]
[White "Turcatti, Mauro"]
[Black "Zuccoli, Maurizio"]
[Result "0-1"]
[WhiteElo "1709"]
[BlackElo "1688"]
[PlyCount "64"]
[EventDate "2005.10.07"]

1. e4 c5 2. c3 d6 3. d4 cxd4 4. cxd4 Nf6 5. Nc3 e6 6. Nf3 Be7 7. Bd3 Nc6 8. O-O
O-O 9. Qe2 e5 10. Rd1 Bg4 11. dxe5 Nxe5 12. Bc2 a6 13. Bb3 Nh5 14. Nd5 Bh4 15.
Be3 Kh8 16. Rd2 f5 17. Bf4 Nxf4 18. Nxf4 fxe4 19. Qxe4 Bxf3 20. gxf3 Qg5+ 21.
Ng2 Nxf3+ 22. Kh1 Rae8 23. Rd5 Rxe4 24. Rxg5 Bxg5 25. Bd5 Re2 26. Bxb7 Rxb2 27.
Bxa6 Rxf2 28. a4 Nh4 29. Nxh4 Bxh4 30. Rd1 Ra2 31. Bb5 Rff2 32. Rxd6 Ra1+ 0-1

[Event "II Open A Settembre Vomero"]
[Site "Napoli ITA"]
[Date "2005.10.20"]
[Round "6"]
[White "Accardo, Francesco"]
[Black "Casale, Antonio"]
[Result "1-0"]
[WhiteElo "2081"]
[BlackElo "1868"]
[PlyCount "55"]
[EventDate "2005.09.15"]

1. g4 d5 2. Bg2 Bxg4 3. c4 c6 4. cxd5 cxd5 5. Qb3 Nf6 6. Nc3 e6 7. Qxb7 Nbd7 8.
Nb5 Rc8 9. Nxa7 Rc7 10. Qa6 Nc5 11. Qb5+ Nfd7 12. Nc6 Qc8 13. f3 Rxc6 14. fxg4
Be7 15. Nf3 O-O 16. e3 Qc7 17. O-O Rc8 18. Qe2 Ne4 19. Nd4 Rb6 20. d3 Nef6 21.
g5 Ne8 22. e4 Bc5 23. Be3 Rb4 24. Qf2 Ne5 25. Nb3 Ng4 26. Qxf7+ Qxf7 27. Bxc5
Qc7 28. Rf8# 1-0

[Event "II Open A Settembre Vomero"]
[Site "Napoli ITA"]
[Date "2005.10.20"]
[Round "6"]
[White "Altieri, Danilo Mario"]
[Black "De Fazio, Giovanni"]
[Result "1-0"]
[WhiteElo "2012"]
[BlackElo "1664"]
[PlyCount "85"]
[EventDate "2005.09.15"]

1. d4 Nf6 2. Nf3 d5 3. c3 Bf5 4. Bf4 h6 5. e3 e6 6. Bd3 Bd6 7. Bxd6 Qxd6 8. Qc2
Bxd3 9. Qxd3 Qa6 10. Qxa6 Nxa6 11. Nbd2 c5 12. O-O O-O 13. Ne5 Rfd8 14. f4 Nd7
15. Nxd7 Rxd7 16. f5 Re7 17. f6 gxf6 18. Rxf6 Kg7 19. Raf1 c4 20. e4 Nc7 21. e5
Rh8 22. R1f3 h5 23. Rg3+ Kf8 24. Nf3 Ne8 25. Rf4 b5 26. Nh4 Rg8 27. Ng6+ Rxg6
28. Rxg6 a5 29. Rh6 Rb7 30. Rxh5 b4 31. g4 bxc3 32. bxc3 Rb1+ 33. Kg2 a4 34.
Rh8+ Ke7 35. Rh7 a3 36. Rfxf7+ Kd8 37. Ra7 Rb8 38. g5 Nc7 39. Rhxc7 Ke8 40. Rh7
Rb1 41. Kg3 Rb7 42. Ra8+ Rb8 43. Rxb8# 1-0

[Event "II Open A Settembre Vomero"]
[Site "Napoli ITA"]
[Date "2005.10.20"]
[Round "6"]
[White "Ficco, Corrado"]
[Black "Della Corte, Alessandro"]
[Result "1/2-1/2"]
[WhiteElo "2170"]
[BlackElo "2170"]
[PlyCount "129"]
[EventDate "2005.09.15"]

1. e4 c5 2. Nc3 d6 3. g3 Nc6 4. Bg2 g6 5. d3 Bg7 6. Be3 Rb8 7. Qd2 b5 8. Nge2
b4 9. Nd1 a5 10. c3 b3 11. a3 Nf6 12. f4 Bb7 13. O-O Ng4 14. Kh1 Nxe3 15. Nxe3
O-O 16. Rae1 Kh8 17. g4 Rc8 18. Ng3 Ba6 19. Rf2 a4 20. Bf1 Qd7 21. h4 e6 22. h5
d5 23. g5 Rfd8 24. h6 Bf8 25. Ng4 dxe4 26. Nf6 Qb7 27. Ngxe4 Bxd3 28. Bxd3 c4
29. Rf3 Be7 30. Ree3 cxd3 31. Rxd3 Na5 32. Kh2 Nc4 33. Qe2 Nxa3 34. bxa3 b2 35.
Nd2 Bxf6 36. Nb1 Rxd3 37. Rxd3 Qc7 38. gxf6 Qxf4+ 39. Kg2 Qg5+ 40. Rg3 Qd5+ 41.
Kh2 Rb8 42. Rd3 Qg5 43. Qd2 Qxf6 44. Rd7 g5 45. Qd4 e5 46. Qd6 Qxd6 47. Rxd6
Kg8 48. Ra6 f5 49. Rxa4 Rb6 50. Rb4 Rxb4 51. cxb4 Kf7 52. a4 Ke6 53. a5 Kd6 54.
a6 Kc6 55. Kg3 e4 56. Na3 f4+ 57. Kg4 e3 58. b5+ Kc7 59. Kf3 g4+ 60. Ke2 Kb6
61. Nb1 Kc7 62. Nc3 Kb6 63. Nb1 g3 64. Kf3 Kc7 65. Na3 1/2-1/2

[Event "II Open A Settembre Vomero"]
[Site "Napoli ITA"]
[Date "2005.10.27"]
[Round "7"]
[White "Accardo, Francesco"]
[Black "Ficco, Corrado"]
[Result "0-1"]
[WhiteElo "2081"]
[BlackElo "2170"]
[PlyCount "72"]
[EventDate "2005.09.15"]

1. g4 d5 2. h3 e5 3. Bg2 c6 4. d3 f5 5. Nf3 Bd6 6. d4 e4 7. Ne5 Nd7 8. Nxd7
Bxd7 9. c4 fxg4 10. hxg4 Bxg4 11. Nc3 Nf6 12. Bg5 Be6 13. Qc2 Qd7 14. O-O-O b5
15. c5 Bc7 16. f3 b4 17. Nb1 exf3 18. exf3 O-O 19. Bf1 Bf5 20. Qg2 Rae8 21. a3
a5 22. axb4 axb4 23. Qd2 Qf7 24. Bd3 Nd7 25. Rdg1 Bxd3 26. Qxd3 Bf4+ 27. Nd2
Qf5 28. Qxf5 Rxf5 29. Bxf4 Rxf4 30. Rg2 Rxd4 31. Rhg1 Re7 32. Nb3 Rc4+ 33. Kb1
Rf4 34. Na5 Ne5 35. Re2 Ra7 36. Rxe5 Rxa5 0-1

[Event "II Open A Settembre Vomero"]
[Site "Napoli ITA"]
[Date "2005.10.27"]
[Round "7"]
[White "Canfora, Fabrizio"]
[Black "Longobardi, Giuseppe"]
[Result "0-1"]
[WhiteElo "1904"]
[BlackElo "1909"]
[PlyCount "68"]
[EventDate "2005.09.15"]

1. e4 c6 2. d4 d5 3. e5 Bf5 4. Nc3 e6 5. g4 Bg6 6. Nge2 Nd7 7. Nf4 Be7 8. Nxg6
hxg6 9. Bf4 a6 10. Ne2 Qb6 11. c3 Nh6 12. Bxh6 Rxh6 13. Qc2 Bg5 14. Bg2 Rc8 15.
f4 Bh4+ 16. Ng3 Bxg3+ 17. hxg3 Rxh1+ 18. Bxh1 c5 19. O-O-O Qa5 20. Kb1 b5 21.
f5 gxf5 22. gxf5 Qb6 23. fxe6 Qxe6 24. dxc5 Nxe5 25. Bxd5 Qe7 26. Qf5 Rxc5 27.
b4 Rxc3 28. Qe4 Qc7 29. Rf1 f6 30. Rh1 Ke7 31. Qf5 Qd6 32. Bb3 Qd3+ 33. Qxd3
Nxd3 34. Rd1 Nxb4 0-1

[Event "II Open A Settembre Vomero"]
[Site "Napoli ITA"]
[Date "2005.10.27"]
[Round "7"]
[White "Della Corte, Alessandro"]
[Black "Altieri, Danilo Mario"]
[Result "1-0"]
[WhiteElo "2170"]
[BlackElo "2012"]
[PlyCount "43"]
[EventDate "2005.09.15"]

1. e4 d5 2. exd5 Nf6 3. d4 Nxd5 4. c4 Nb6 5. Nf3 g6 6. Nc3 Bg7 7. c5 Nd5 8. Bc4
c6 9. Qb3 e6 10. Bg5 Qc7 11. Ne4 O-O 12. O-O Nd7 13. Rfe1 b6 14. cxb6 Qxb6 15.
Qa3 Bxd4 16. Nxd4 Qxd4 17. b3 N7b6 18. Rad1 Qg7 19. Bxd5 Nxd5 20. Rxd5 exd5 21.
Nf6+ Kh8 22. Ne8 1-0

[Event "II Open A Settembre Vomero"]
[Site "Napoli ITA"]
[Date "2005.10.27"]
[Round "7"]
[White "Della Ragione, Achille"]
[Black "Valenzi, Marco"]
[Result "0-1"]
[WhiteElo "2085"]
[BlackElo "1801"]
[PlyCount "76"]
[EventDate "2005.09.15"]

1. c4 Nf6 2. Nc3 g6 3. e4 d6 4. d3 Bg7 5. g3 O-O 6. Bg2 c5 7. Nge2 Nc6 8. O-O
Bd7 9. h3 a6 10. f4 Rb8 11. g4 b5 12. g5 Nh5 13. cxb5 axb5 14. f5 Nd4 15. Bf3
Nxf3+ 16. Rxf3 Bc6 17. Nf4 Nxf4 18. Rxf4 d5 19. Qe2 b4 20. Nd1 dxe4 21. dxe4
Bb5 22. Qf3 Be5 23. Rg4 Qd6 24. Bf4 Rfd8 25. Nf2 Bxf4 26. Qxf4 Qxf4 27. Rxf4
Rd2 28. a4 Ba6 29. b3 c4 30. bxc4 b3 31. fxg6 hxg6 32. Rb1 Bxc4 33. Ng4 b2 34.
Nh6+ Kf8 35. Rxf7+ Ke8 36. Rh7 Kd7 37. Rxb2 Rbxb2 38. Rf7 Rg2+ 0-1

[Event "XI Festival A"]
[Site "Gioiosa Marea ITA"]
[Date "2005.07.23"]
[Round "7"]
[White "Naumkin, Igor"]
[Black "Aleksic, Nenad"]
[Result "1/2-1/2"]
[WhiteElo "2444"]
[BlackElo "2378"]
[PlyCount "39"]
[EventDate "2005.07.18"]

1. d4 Nf6 2. c4 e6 3. Nf3 b6 4. g3 Bb7 5. Bg2 Be7 6. Nc3 O-O 7. Qc2 c5 8. d5
exd5 9. Ng5 Na6 10. Nxd5 Bxd5 11. cxd5 Nb4 12. Qb1 h6 13. h4 d6 14. Bd2 Re8 15.
Bc3 g6 16. h5 hxg5 17. hxg6 Bf8 18. Qf5 Bg7 19. gxf7+ Kxf7 20. a3 1/2-1/2

[Event "I Weekend La Viranda"]
[Site "Calamandrana ITA"]
[Date "2005.10.21"]
[Round "1"]
[White "Rapetti, Giuseppe"]
[Black "Di Paolo, Raffaele"]
[Result "0-1"]
[WhiteElo "2321"]
[BlackElo "1610"]
[PlyCount "62"]
[EventDate "2005.10.21"]

1. d4 Nf6 2. c4 g6 3. Nc3 Bg7 4. e4 d6 5. f3 O-O 6. Bd3 Nc6 7. Nge2 Nd7 8. Be3
e5 9. d5 Nd4 10. Bc2 Nxc2+ 11. Qxc2 f5 12. O-O f4 13. Bf2 g5 14. b4 Nf6 15. Nc1
g4 16. Nd3 gxf3 17. gxf3 Bh3 18. Rfc1 Qe8 19. Kh1 Qh5 20. Qe2 Kh8 21. Rg1 Bh6
22. c5 Rac8 23. Rac1 a6 24. cxd6 cxd6 25. Na4 b5 26. Nc3 Rc7 27. Nb1 Rxc1 28.
Rxc1 Ng4 29. Bb6 Nxh2 30. Nd2 Nxf3 31. Nxf3 Bf1+ 0-1

[Event "XVI Festival B"]
[Site "Robecchetto con Induno ITA"]
[Date "2005.12.27"]
[Round "1"]
[White "Di Donato, Giovanni"]
[Black "Bernasconi, Roberto"]
[Result "0-1"]
[WhiteElo "1993"]
[BlackElo "1853"]
[PlyCount "108"]
[EventDate "2005.12.27"]

1. e4 e5 2. Nf3 Nf6 3. Nc3 Nc6 4. Bc4 Nxe4 5. Nxe4 d5 6. Bxd5 Qxd5 7. Qe2 Be7
8. Nc3 Qa5 9. h3 Be6 10. O-O O-O 11. d3 h6 12. Re1 Nd4 13. Nxd4 exd4 14. Ne4
Qf5 15. Ng3 Qg6 16. Bf4 Bb4 17. Rf1 Rfe8 18. Qe4 Qxe4 19. Nxe4 Bd5 20. f3 f5
21. Ng3 g5 22. Bc1 Rf8 23. a3 Bd6 24. f4 c5 25. b4 cxb4 26. axb4 Rac8 27. Rf2
gxf4 28. Bxf4 Bxf4 29. Rxf4 Rxc2 30. Rf2 Rxf2 31. Kxf2 f4 32. Nh5 Rf5 33. Nxf4
Rxf4+ 34. Kg3 Rf7 35. Rxa7 Rg7+ 36. Kf4 Bxg2 37. Ke5 Bf1 38. Kxd4 Rd7+ 39. Ke5
Bxd3 40. h4 Kg7 41. Ke6 Rf7 42. Ra3 Bc4+ 43. Ke5 Re7+ 44. Kd4 b5 45. Rg3+ Kf6
46. h5 Kf5 47. Rg6 Re6 48. Rg1 Re4+ 49. Kc3 Rh4 50. Kd2 Rxh5 51. Ke3 Rh3+ 52.
Kd4 h5 53. Re1 Rd3+ 54. Kc5 h4 0-1

[Event "XVI Festival B"]
[Site "Robecchetto con Induno ITA"]
[Date "2005.12.27"]
[Round "1"]
[White "Orsi, Matteo"]
[Black "Pepa, Syrja"]
[Result "1-0"]
[WhiteElo "1877"]
[BlackElo "1769"]
[PlyCount "52"]
[EventDate "2005.12.27"]

1. d4 Nf6 2. c4 e6 3. Nc3 Bb4 4. e3 O-O 5. a3 Bxc3+ 6. bxc3 b6 7. Bd3 Bb7 8. f3
c5 9. e4 h6 10. Ne2 d5 11. cxd5 exd5 12. e5 Nfd7 13. O-O Qe7 14. Be3 f6 15. f4
f5 16. g4 fxg4 17. f5 Nf6 18. Nf4 Ne4 19. Bxe4 dxe4 20. Ng6 Qf7 21. Nxf8 Qxf8
22. Qxg4 Kh8 23. f6 Bd5 24. fxg7+ Qxg7 25. Qxg7+ Kxg7 26. Rf6 Nd7 1-0

[Event "XVI Festival B"]
[Site "Robecchetto con Induno ITA"]
[Date "2005.12.27"]
[Round "1"]
[White "Revinelli, Sergio"]
[Black "Bettini, Massimo"]
[Result "0-1"]
[WhiteElo "1840"]
[BlackElo "1923"]
[PlyCount "44"]
[EventDate "2005.12.27"]

1. e4 e5 2. Nf3 Nc6 3. Bc4 Nf6 4. d4 exd4 5. O-O Bc5 6. e5 d5 7. exf6 dxc4 8.
Re1+ Be6 9. Ng5 Qd5 10. Nc3 Qf5 11. g4 Qg6 12. Nce4 Bb6 13. fxg7 Qxg7 14. Nxe6
fxe6 15. Bg5 O-O 16. Qd2 Ne5 17. Bh6 Nf3+ 18. Kh1 Nxd2 19. Bxg7 Nxe4 20. Bxf8
Nxf2+ 21. Kg2 Rxf8 22. Re2 d3 0-1

[Event "XVI Festival B"]
[Site "Robecchetto con Induno ITA"]
[Date "2005.12.27"]
[Round "1"]
[White "Schingaro, Angelo"]
[Black "Cardani, Roberto"]
[Result "0-1"]
[WhiteElo "1760"]
[BlackElo "1860"]
[PlyCount "78"]
[EventDate "2005.12.27"]

1. e4 c5 2. Nf3 d6 3. c3 Nf6 4. Bb5+ Nbd7 5. Qe2 a6 6. Ba4 b5 7. Bc2 Bb7 8. d4
cxd4 9. cxd4 e6 10. O-O Be7 11. Bf4 Rc8 12. Bd3 Nb6 13. Nbd2 d5 14. e5 Nh5 15.
Bg3 Nxg3 16. hxg3 Nc4 17. Rab1 O-O 18. Rfc1 Qa5 19. a3 h6 20. Nb3 Qb6 21. Nfd2
a5 22. Nf3 b4 23. Nbd2 Nxd2 24. Qxd2 Rxc1+ 25. Qxc1 Rc8 26. Qe3 Ba6 27. Qe2
Bxd3 28. Qxd3 Rc4 29. g4 Qc6 30. Nd2 Rc1+ 31. Kh2 bxa3 32. bxa3 Rxb1 33. Nxb1
Qc4 34. Qe3 a4 35. Qc3 Qa2 36. Qc8+ Bf8 37. Nc3 Qxa3 38. Qc6 Qc1 39. Qc7 Qf4+
0-1

[Event "XVI Festival B"]
[Site "Robecchetto con Induno ITA"]
[Date "2005.12.27"]
[Round "2"]
[White "Bernasconi, Roberto"]
[Black "Orsi, Matteo"]
[Result "1/2-1/2"]
[WhiteElo "1853"]
[BlackElo "1877"]
[PlyCount "40"]
[EventDate "2005.12.27"]

1. e4 c6 2. d4 d5 3. Nd2 dxe4 4. Nxe4 Bf5 5. Ng3 Bg6 6. Nf3 Nd7 7. Bd3 Ngf6 8.
O-O Qc7 9. Bxg6 hxg6 10. Ng5 e6 11. Qd3 Nb6 12. a4 O-O-O 13. a5 Nbd5 14. a6 b6
15. Qf3 Bd6 16. c4 Nf4 17. Nxf7 Ne2+ 18. Qxe2 Qxf7 19. Be3 Rh4 20. Qf3 Qd7
1/2-1/2

[Event "XVI Festival B"]
[Site "Robecchetto con Induno ITA"]
[Date "2005.12.27"]
[Round "2"]
[White "Bettini, Massimo"]
[Black "Cardani, Roberto"]
[Result "0-1"]
[WhiteElo "1923"]
[BlackElo "1860"]
[PlyCount "62"]
[EventDate "2005.12.27"]

1. e4 c5 2. Nf3 d6 3. d4 cxd4 4. Nxd4 Nf6 5. Nc3 a6 6. Rg1 b5 7. g4 Bb7 8. Bg2
e6 9. g5 Nfd7 10. h4 b4 11. Nce2 g6 12. f4 e5 13. Nf3 Nc6 14. Be3 Qc7 15. Nd2
Na5 16. b3 exf4 17. Bd4 Ne5 18. Nxf4 Bg7 19. Rc1 O-O 20. Kf1 f5 21. Ne6 fxe4+
22. Ke2 Qd7 23. Nxf8 Rxf8 24. Bxe4 Qh3 25. Bxb7 Nxb7 26. Rf1 Qg4+ 27. Nf3 Nxf3
28. Bxg7 Ng1+ 29. Ke3 Re8+ 30. Kd2 Re2+ 31. Kd3 Qe4# 0-1

[Event "XVI Festival B"]
[Site "Robecchetto con Induno ITA"]
[Date "2005.12.27"]
[Round "2"]
[White "Pepa, Syrja"]
[Black "Di Donato, Giovanni"]
[Result "0-1"]
[WhiteElo "1769"]
[BlackElo "1993"]
[PlyCount "84"]
[EventDate "2005.12.27"]

1. e4 e5 2. Nf3 f5 3. d3 Nc6 4. Nc3 Bb4 5. a3 Bxc3+ 6. bxc3 fxe4 7. dxe4 d6 8.
Bc4 Nf6 9. h3 Qe7 10. Qe2 Be6 11. Bb5 O-O 12. O-O a6 13. Bd3 h6 14. Nh4 Qe8 15.
Nf5 Bxf5 16. exf5 b5 17. Qe3 e4 18. Be2 Nd5 19. Qg3 Qe5 20. Bb2 Qxg3 21. fxg3
Ne3 22. Rf4 Nxf5 23. Kh2 d5 24. a4 g5 25. Rf2 b4 26. cxb4 Nxb4 27. c3 Nc2 28.
Ra2 Nfe3 29. Rxf8+ Kxf8 30. Ba3+ Nxa3 31. Rxa3 c5 32. Rb3 d4 33. cxd4 cxd4 34.
Kg1 Kg8 35. Rb6 d3 36. Bh5 Rf8 37. Re6 Rf1+ 38. Kh2 Re1 39. Rxa6 d2 40. Rxh6
Nf1+ 41. Kg1 Nxg3+ 42. Kf2 Nh1# 0-1

[Event "XVI Festival B"]
[Site "Robecchetto con Induno ITA"]
[Date "2005.12.27"]
[Round "2"]
[White "Schingaro, Angelo"]
[Black "Revinelli, Sergio"]
[Result "0-1"]
[WhiteElo "1760"]
[BlackElo "1840"]
[PlyCount "82"]
[EventDate "2005.12.27"]

1. e4 e5 2. Nf3 Nc6 3. d4 exd4 4. Nxd4 Bc5 5. Be3 Qf6 6. c3 Nge7 7. Bc4 Ne5 8.
Be2 Qg6 9. Bf3 d6 10. Qe2 a6 11. Nd2 O-O 12. h4 f5 13. Bg5 Nxf3+ 14. gxf3 Nc6
15. Nxc6 bxc6 16. O-O-O h6 17. Be3 Bxe3 18. fxe3 Qe6 19. Kb1 d5 20. Qg2 Bd7 21.
Rhg1 Rf7 22. Ka1 a5 23. Qg6 fxe4 24. f4 a4 25. Rdf1 Qf6 26. a3 Bf5 27. Qg3 Rb8
28. Rb1 c5 29. Qf2 Rd7 30. Rgd1 d4 31. cxd4 cxd4 32. Nc4 dxe3 33. Nxe3 Rxd1 34.
Rxd1 Qb6 35. Qd2 Be6 36. Qd4 Qb3 37. Kb1 Qa2+ 38. Kc1 Qa1+ 39. Kd2 Qxb2+ 40.
Qxb2 Rxb2+ 41. Kc3 Rb3+ 0-1